Open Data Biblioteca Nacional de Portugal


República Portuguesa: Ministério da Cultura
Biblioteca Nacional de Portugal

Catálogo da BNP: acesso por Identificadores Unívocos
Registos Bibliográficos associados ao registo de autoridade

Etiqueta de registo: 00254nam 2200025 450
001 2284027
003 http://id.bnportugal.gov.pt/bib/catbnp/2284027
100 ## $a20260410d2025 k y0pory01030103ba
101 0# $aeng$dpor
102 ## $aPT
105 ## $aa m 000yy
106 ## $ar
200 1# $aElasticity, plasticity and fracture$eentanglements between art and science$fEnrico Gaido$gorient. Pedro Filipe Rodrigues Pousada, Ana Luísa Rito da Silva Rodrigues
210 #9 $aCoimbra$c[s.n.],$d2025
215 ## $a[10], 286 p.$cil.$d30 cm
328 #1 $aTese dout. Arte Contemporânea, Colégio das Artes da Universidade de Coimbra, 2025
700 #1 $aGaido,$bEnrico$31995275
702 #1 $aPousada,$bPedro,$f1970-$4727$31617895
702 #1 $aRito,$bAna Luísa$4727$31697301
801 #0 $aPT$bBN$gRPC
966 ## $lBN$mFGMON$x1
971 ## $cisantos$d20260410

OpendataBNP@bnportugal.pt | Mais informação sobre acesso aos dados BNP